000 00319nam a22001337a 4500
008 171030b xxu||||| |||| 00| 0 eng d
020 _a9780471707608
041 _aeng
080 _a33
100 _a58
101 _aBUS
245 _a THE 7 ORREFUTABLE RULES OF SMALL BUSINESS GROWTH
_cLITTLE, S.S
942 _2udc
_cBK
999 _c36526
_d36526